Largest Walled Cities in the World - Statistics

General Stats
  • This quiz has been taken 28 times
  • The average score is 20 of 25
Answer Stats
Population Country Answer % Correct
9,801,536 Egypt Cairo
96%
9,586,195 South Korea Seoul
96%
5,666,264 Thailand Bangkok
92%
18,960,744 China Beijing
92%
16,349,831 India Delhi
92%
7,413,070 Hong Kong Hong Kong
92%
15,244,936 Turkey Istanbul
92%
11,166,200 Peru Lima
92%
8,843,706 Mexico Mexico City
92%
5,186,002 Turkey Ankara
88%
13,004,135 Pakistan Lahore
88%
8,776,535 United Kingdom London
88%
13,010,112 Russia Moscow
88%
18,394,912 India Mumbai
88%
21,909,814 China Shanghai
88%
6,719,476 Iraq Baghdad
85%
8,258,035 United States New York
81%
18,868,021 Pakistan Karachi
77%
8,653,521 India Chennai
73%
16,096,724 China Guangzhou
73%
9,392,938 China Xi'an
69%
6,357,693 India Ahmedabad
58%
7,677,018 India Hyderabad
58%
7,519,814 China Nanjing
46%
4,591,246 India Surat
38%
No matching quizzes found
Score Distribution
Percent of People with Each Score
Percentile by Number Answered
Your Score History
You have not taken this quiz